[Event "8th Ali Ipek Tournament 2020"]
[Site "Ankara"]
[Date "2020.03.04"]
[Round "1.1"]
[White "Lacin, Tuna"]
[Black "Yarashov, Azat"]
[Result "0-1"]
[WhiteElo "1324"]
[BlackElo "2218"]
[Annotator "TA"]
[PlyCount "42"]
[EventDate "2020.03.04"]
[EventType "swiss"]
[EventCountry "TUR"]
[SourceTitle "playchess.com"]
[Source "ChessBase"]
[SourceQuality "1"]

{[%evp 11,42,34,47,30,33,27,22,18,25,21,19,12,36,9,26,22,12,0,3,-4,13,0,7,0,0,0,14,-96,33,-718,-709,-29992,-29993]} 1. d4 Nf6 2. c4 e5 3. dxe5 Ng4 4. Nf3 Bc5 5. e3 Nc6 6. Nc3 Ngxe5 {6...0-0 deserves study. Played by Alireza Firouzja in October 2019.} 7. b3 {A52: Budapest Gambit.} O-O 8. Be2 Nxf3+ 9. Bxf3 {The position is equal.} Ne5 10. O-O d6 11. Bb2 a5 {[#]} 12. Qe2 $146 ({Predecessor:} 12. Nd5 Nxf3+ 13. Qxf3 f6 14. Rfd1 c6 15. Nc3 Qe7 16. Ne4 Be6 17. Qg3 d5 18. cxd5 Bxd5 19. Nxc5 Qxc5 {1-0 (32) Vuelban,V (2313)-Gromovs,S (2159) Arvier 2016}) 12... Qh4 13. h3 Bf5 14. Rad1 Rae8 15. Na4 Ba7 16. Bxe5 Rxe5 17. Bxb7 Bxh3 $1 18. Bf3 ({Not} 18. gxh3 $2 Qxh3 19. Rd5 Rfe8 $17) 18... Rfe8 {Hoping for ...R8e6.} 19. Rfe1 ({Don't go for} 19. gxh3 $2 Qxh3 20. Rd5 R8e6 $19) (19. c5 $1 $11 {keeps the balance.}) 19... Rg5 ({Black should play} 19... R8e6 $17 {...Rg5! is the strong threat.} 20. c5 Rh6) 20. Nc3 $2 {[%mdl 8192] [#]} (20. Rd5 $14) 20... Re6 $1 $19 {[%mdl 512] ( -> ...Bxg2!)} 21. Nd5 {[#]} Bxg2 $1 {[%mdl 512] Accuracy: White = 57%, Black = 86%.} 0-1

[Event "8th Ali Ipek Tournament 2020"]
[Site "Ankara"]
[Date "2020.03.04"]
[Round "1.2"]
[White "Zor, Alber Kadir"]
[Black "Yilmaz, Zulfikar Baran"]
[Result "1-0"]
[WhiteElo "2119"]
[BlackElo "1370"]
[Annotator "TA"]
[PlyCount "95"]
[EventDate "2020.03.04"]
[EventType "swiss"]
[EventCountry "TUR"]
[SourceTitle "playchess.com"]
[Source "ChessBase"]
[SourceQuality "1"]

{[%evp 21,95,121,128,122,224,203,218,151,166,165,170,172,172,170,186,181,226,204,275,238,254,252,249,231,225,239,285,278,279,268,253,250,359,371,358,357,373,393,390,376,785,770,842,822,1090,1063,2216,1082,2113,1952,1654,1587,3345,2740,12840,12841,12839,12839,12831,11881,29986,29987,29986,29987,29989,29990,29992,29992,29992,12849,29996,12849,12849,12850,12850,12850]} 1. d4 d5 2. Nf3 e6 3. g3 Nf6 4. Bg2 Be7 5. O-O O-O 6. c4 b6 7. Ne5 Bb7 8. Nc3 Nbd7 9. Qa4 Nxe5 10. dxe5 Nd7 11. cxd5 exd5 12. Nxd5 {E18: Queen's Indian: Old Main Line (4 g3 Bb7 5 Bg2 Be7 6 0-0 0-0 7 Nc3).} Bxd5 (12... Nc5 $16 13. Qd1 c6) 13. Bxd5 $18 Nc5 14. Qd1 {White is clearly better.} Rc8 15. Bc6 Qxd1 16. Rxd1 Rfd8 17. Be3 {[#]} h6 $146 ({Predecessor:} 17... Ne6 18. Bd7 Rb8 19. Rd5 Nc5 20. Rad1 Kf8 21. h4 Nxd7 22. Rxd7 Ke8 23. Rxd8+ Rxd8 24. Rxd8+ Kxd8 {1-0 (41) Schneider,I (2508)-Nicolodi,R (1898) Vienna 2009}) 18. f4 Ne6 19. Kf2 Bc5 20. Bd7 Bxe3+ 21. Kxe3 Rb8 22. Bxe6 fxe6 {[%mdl 4096] Endgame KRR-KRR} 23. b4 c5 24. bxc5 bxc5 25. Rxd8+ Rxd8 {KR-KR} 26. Rb1 Rd7 (26... c4 $142 27. Rb7 c3) 27. Rb8+ Kf7 28. Rc8 Kg6 29. Rxc5 Rb7 30. Rc6 Kf5 $2 (30... Kf7 31. Kf3 h5) 31. Kf3 h5 32. h3 Rb2 33. g4+ hxg4+ 34. hxg4+ Kg6 35. Rxe6+ Kf7 36. Ra6 Rb7 37. f5 Re7 38. Kf4 Rb7 39. e4 Ke7 40. g5 Kf7 41. g6+ Ke7 42. f6+ gxf6 43. exf6+ Kf8 44. Re6 Rd7 45. g7+ (45. Kf5 $142 a5 46. Rb6 Re7 47. fxe7+ Kxe7 48. g7 Kd7 49. g8=Q Kc7 50. Qb8+ Kd7 51. Rb7+ Kc6 52. Qc7#) 45... Kf7 {[#]} 46. Re7+ $1 Rxe7 47. fxe7 a6 {[#]} 48. g8=Q+ $1 {[%mdl 64] Decoy, Promotion. Accuracy: White = 79%, Black = 44%.} 1-0

[Event "8th Ali Ipek Tournament 2020"]
[Site "Ankara"]
[Date "2020.03.04"]
[Round "1.3"]
[White "Yilmaz, Baver"]
[Black "Pektas, Yigit"]
[Result "0-1"]
[WhiteElo "1446"]
[BlackElo "2161"]
[Annotator "TA"]
[PlyCount "140"]
[EventDate "2020.03.04"]
[EventType "swiss"]
[EventCountry "TUR"]
[SourceTitle "playchess.com"]
[Source "ChessBase"]
[SourceQuality "1"]

{[%evp 13,140,35,36,20,33,18,91,55,89,66,76,47,82,77,105,96,113,0,0,0,-5,-20,31,0,1,0,47,-20,9,28,24,24,34,13,15,7,0,0,39,-89,81,68,78,77,131,0,9,9,77,57,308,300,688,681,655,654,684,366,235,22,25,0,31,34,21,0,0,-110,-110,-106,-106,-111,-109,-109,-103,-119,0,0,0,0,218,218,206,8,10,10,55,0,163,0,18,0,8,0,0,0,0,-147,-140,-797,-766,-701,-579,-429,-369,-401,-405,-402,-388,-389,-228,-1271,-1217,-5575,-4339,-3045,-2009,-29977,-29978,-29982,-29983,-29983,-29984,-29987,-29979,-29988,-29985,-29985,-29986]} 1. e4 Nf6 2. e5 Nd5 3. c4 Nb6 4. d4 d6 5. exd6 exd6 6. Nf3 Be7 7. Nc3 O-O 8. Bd3 {B03: Alekhine's Defence: Four Pawns Attack.} Re8 9. O-O c6 {[#]} (9... Nc6 $11) 10. Qc2 $146 {White is better.} ({Predecessor:} 10. h3 Bf8 11. b3 N8d7 {½-½ (11) Laketic,G (2420)-Tesic,D (2340) Novi Sad/Vukovar 2013}) 10... h6 11. Be3 d5 12. c5 N6d7 13. Ne2 Nf8 14. Ng3 Bg4 15. h3 (15. Ne5 $16 Bc8 16. Rae1) 15... Bxf3 $1 $11 16. gxf3 Ne6 17. Kh2 Qc7 ({Black should play} 17... b6 $11) 18. Bf5 Bh4 19. Rg1 Ng5 20. Bg4 (20. Qd1 $14) 20... g6 21. f4 Bxg3+ 22. Rxg3 Ne4 23. Rg2 $1 Nd7 24. Kh1 Ndf6 $1 25. Rag1 Nxg4 26. Rxg4 (26. hxg4 $14 {was the only good move.} Kg7 27. Rh2) 26... Qe7 $2 (26... Qd7 $1 $17 {Strongly threatening ...h5.} 27. Kh2 Kh7) 27. f5 $1 $16 g5 $1 28. h4 {[%cal Rh4g5]} f6 (28... Qd7 $142) 29. Qd1 ({White should try} 29. Bc1 $1 $16) 29... Qh7 30. Qf3 Kf8 (30... Re7 $11 {keeps the balance.}) 31. R4g2 Ke7 $2 {[%mdl 8192]} (31... Rad8 $14) 32. Qh3 $1 $18 {[%cal Rh4g5]} Kd7 $2 (32... Qf7 33. f3 Kd7) 33. hxg5 fxg5 {[#]} 34. Bxg5 $1 {[%mdl 576] Pin} Qf7 (34... Nxg5 35. Rxg5) 35. Be3 {Black must now prevent Rg7!} Ng5 36. Qg3 $2 (36. Bxg5 $18 hxg5 37. f6+ Kc7 38. Qg3+ (38. Rxg5 $2 Rh8 $19) 38... Kd7 39. Qh3+ (39. Qxg5 $2 Rh8+ 40. Rh2 Rxh2+ 41. Kxh2 Qh7+ 42. Kg2 Rg8 $19) 39... Kc7 40. Qh2+ (40. Rxg5 $2 Rh8 $19) 40... Kd7 41. Qh3+) 36... Rad8 $1 $11 37. Bf4 Re4 38. Bxg5 hxg5 39. Rh2 Rg8 40. Rd1 (40. Qh3 $11) 40... Qxf5 $17 41. Qh3 Qxh3 42. Rxh3 {[%mdl 4096] Endgame KRR-KRR} Re2 $1 43. Rh7+ Kc8 44. Rd3 Rxf2 (44... Rxb2 $17 {Threatens to win with ...Rf8.} 45. Rf7 Rd8) 45. Rb3 $1 $11 g4 (45... Re8 $5 46. Kg1 $8 Ree2 $11) 46. Rhxb7 Rff8 $2 (46... Rgf8 $11) 47. Rxa7 $18 Re8 48. Ra8+ $2 (48. Rb6 $18) 48... Kd7 $11 49. Rxe8 Rxe8 {KR-KR} 50. a4 (50. Kg2 $14) 50... Re4 $2 {[#]} (50... Ra8 $11 {and Black is okay.}) 51. Rd3 $2 (51. Rb4 $1 $18) 51... Re2 52. Rb3 Rd2 53. a5 {a6 is the strong threat.} Rxd4 54. Ra3 Kc7 55. Ra2 (55. a6 $11 {remains equal.} Kb8 56. Rb3+ Ka7 57. Rb6) 55... Kb7 56. Kg2 $2 {[%mdl 8192] [#]} (56. a6+ $17 Ka7 57. Kh2) 56... Ka6 $1 $19 57. Kg3 Rc4 58. Ra3 Rxc5 59. b4 Rc4 60. Rb3 Kb5 61. Kh4 Re4 (61... d4 $142 {aiming for ...g3.} 62. Kxg4 Rxb4 63. Rxb4+ Kxb4) 62. Kg3 $2 (62. Rb1) 62... d4 63. Kh4 Kc4 64. Rb1 d3 65. Rc1+ Kxb4 {Black mates.} 66. a6 d2 67. Rd1 Kc3 68. Ra1 Re8 69. Kxg4 Kb2 70. Rh1 Kc2 {A wild game. Accuracy: White = 55%, Black = 63%.} 0-1

[Event "8th Ali Ipek Tournament 2020"]
[Site "Ankara"]
[Date "2020.03.04"]
[Round "1.4"]
[White "Yaver, Faik Emre"]
[Black "Ada, Isa"]
[Result "1-0"]
[WhiteElo "2086"]
[BlackElo "1366"]
[Annotator "TA"]
[PlyCount "55"]
[EventDate "2020.03.04"]
[EventType "swiss"]
[EventCountry "TUR"]
[SourceTitle "playchess.com"]
[Source "ChessBase"]
[SourceQuality "1"]

{[%evp 10,55,33,35,37,38,36,31,44,30,29,1,37,-16,39,41,122,124,170,169,186,175,200,201,302,305,299,300,381,397,435,438,450,448,587,583,670,622,1240,1182,1395,1437,1354,1340,29971,9002,29991,29991]} 1. e4 e5 2. Nf3 Nc6 3. Bc4 Nf6 4. d3 Be7 5. O-O d6 6. a4 Be6 {C55: Two Knights: 4 d3, 4 d4 exd4 5 e5 and Max Lange Attack.} 7. Bxe6 fxe6 8. c3 {[#]} h6 $146 {White is slightly better.} ({Predecessor:} 8... Qd7 9. b4 O-O 10. Re1 a6 11. Na3 b5 12. Bd2 Nh5 13. c4 bxc4 14. dxc4 Rfb8 {½-½ (36) Kryvoruchko,Y (2691)-Thorfinnsson,B (2410) Gjakova 2016}) 9. a5 Qd7 10. Re1 g5 11. b4 (11. a6 $14) 11... Nd8 ({Black should try} 11... a6 $11) 12. d4 $14 g4 {Black is now going downhill.} (12... Nf7 $14) 13. dxe5 $16 gxf3 14. exf6 Bxf6 {With the idea ...fxg2.} 15. Qxf3 Qg7 16. a6 e5 (16... Rb8 {is a better defense.} 17. axb7 Rxb7) 17. axb7 $18 Nxb7 18. Qd3 c6 19. Ra6 Qd7 20. Na3 {[%cal Bb1a3,Ba3c4,Bc4e3,Be3d5][%mdl 32]} h5 21. Nc4 Ke7 22. Ne3 Kd8 23. Qc4 c5 24. Nd5 Qf7 25. bxc5 Bh4 26. g3 Bxg3 27. fxg3 h4 28. Bg5+ {[%mdl 64] Double Attack. Accuracy: White = 86%, Black = 22%.} 1-0

[Event "8th Ali Ipek Tournament 2020"]
[Site "Ankara"]
[Date "2020.03.04"]
[Round "1.5"]
[White "Ozkaner, Mehmet Kerem"]
[Black "Akin, Yagiz Cinar"]
[Result "0-1"]
[WhiteElo "1216"]
[BlackElo "1861"]
[Annotator "NA RC"]
[PlyCount "128"]
[EventDate "2020.03.04"]
[EventType "swiss"]
[EventCountry "TUR"]
[SourceTitle "playchess.com"]
[Source "ChessBase"]
[SourceQuality "1"]
[TimeControl "5400+30"]

{[%evp 8,127,33,29,32767,36,31,27,72,37,41,32767,32767,32767,32767,32767,71,23,39,16,15,0,14,14,0,-8,17,-25,19,25,20,13,37,15,64,5,32,48,33,22,25,30,33,9,32767,6,31,25,57,0,52,-20,60,20,60,-20,32767,32767,56,-27,14,7,2,-75,-6,-7,0,-114,-13,-71,0,-124,-48,-51,-28,-32,-20,-54,0,0,0,0,28,-66,21,-95,-102,-227,-291,-263,-46,-393,-537,-500,-445,-425,-82,-120,-78,-320,-41,-336,-445,-364,0,-261,-268,-311,0,-1057,32767,-2417,-2671,-29992,-29993,-29993,-29993,-29993,-29993,-29993,-29993,-29999]} 1. e4 {[%emt 0:00:30]} g6 {[%emt 0:00:30]} 2. d4 {[%emt 0:00:30]} Bg7 {[%emt 0:00:00]} 3. Nf3 {[%emt 0:03:30]} d6 {[%emt 0:00:00]} 4. Bd3 {[%emt 0:03:30]} Nf6 {[%emt 0:00:30]} 5. O-O {[%emt 0:02:30]} O-O {[%emt 0:00:30]} 6. h3 {[%emt 0:02:30]} c5 {[%emt 0:01:30]} 7. c3 {[%emt 0:08:30]} Qc7 {[%emt 0:04:30]} 8. Be3 {[%emt 0:03:30]} a6 {[%emt 0:03:30] B07: Pirc Defence: Miscellaneous Systems.} 9. a4 {[%emt 0:01:30]} b6 {[%emt 0:05:30]} 10. Nbd2 {[%emt 0:02:30]} Bb7 {[%emt 0:00:30]} 11. d5 {[%emt 0:01:30] [#]} e6 $146 {[%emt 0:03:30]} ({Predecessor:} 11... Nbd7 12. c4 Nh5 13. Rb1 Ne5 14. Be2 Nxf3+ 15. Nxf3 Nf6 16. Qc2 Bc8 17. Bf4 e5 18. dxe6 Bxe6 {1-0 (38) Perry,R (2005)-Wolstencroft,A Auckland 2016}) 12. c4 {[%emt 0:02:30]} Nbd7 {[%emt 0:00:30]} 13. Ng5 {[%emt 0:02:30]} exd5 {[%emt 0:00:30]} 14. exd5 {[%emt 0:02:30]} Ne5 {[%emt 0:00:00]} 15. Bc2 {[%emt 0:01:30]} b5 {[%emt 0:00:00]} 16. b3 {[%emt 0:01:30]} Rfe8 {[%emt 0:02:30]} 17. Rb1 {[%emt 0:01:30]} h6 {[%emt 0:01:30]} (17... bxa4 $15 18. bxa4 a5) 18. Ngf3 {[%emt 0:01:30]} Nfd7 {[%emt 0:00:30]} 19. Nxe5 {[%emt 0:01:30]} Nxe5 {[%emt 0:00:30]} 20. Re1 {[%emt 0:02:30]} Nd7 {[%emt 0:19:30]} 21. Bd3 {[%emt 0:13:30]} ({White should try} 21. Ne4 $14) 21... Re7 {[%emt 0:05:30]} 22. Bf4 {[%emt 0:03:30]} Ne5 {[%emt 0:02:30]} 23. Bxe5 {[%emt 0:00:30]} Rxe5 {[%emt 0:00:30]} 24. Rxe5 {[%emt 0:00:30]} dxe5 {[%emt 0:00:00]} 25. f3 {[%emt 0:04:30]} f5 {[%emt 0:02:00]} 26. Kh1 {[%emt 0:07:30]} Qe7 {[%emt 0:01:30]} 27. Qe2 {[%emt 0:03:30]} Qg5 {[%emt 0:00:30]} 28. Re1 {[%emt 0:01:30]} Rf8 {[%emt 0:01:30]} 29. Qe3 {[%emt 0:02:27]} (29. axb5 $16 axb5 30. cxb5) 29... Qh4 {[%emt 0:00:30]} (29... Qxe3 $11 30. Rxe3 bxc4 31. bxc4 Rb8) 30. Rf1 {[%emt 0:02:10]} {Black should try} Rc8 $11 {[%emt 0:01:30]} 31. Qe2 {[%emt 0:03:36]} (31. cxb5 $16 axb5 32. Bxb5) 31... Kh8 {[%emt 0:03:30]} 32. Qe3 {[%emt 0:00:28]} h5 {[%emt 0:01:30]} 33. Nb1 {[%emt 0:02:00]} ({Better is} 33. cxb5 $14 axb5 34. Bxb5) 33... Qd4 {[%emt 0:01:30]} 34. Qxd4 {[%emt 0:00:37]} cxd4 {[%emt 0:00:30]} 35. Na3 {[%emt 0:02:35]} (35. Re1 $11) 35... b4 {[%emt 0:05:30]} (35... bxc4 $17 36. bxc4 Bf8) 36. Nc2 {[%emt 0:00:48]} a5 {[%emt 0:00:00]} 37. Re1 {[%emt 0:00:29] [#]} (37. g4 $11 {keeps the balance.}) 37... Rd8 {[%emt 0:01:00]} (37... h4 $1 $17) 38. Re2 {[%emt 0:00:53]} Bf6 {[%emt 0:00:30]} (38... h4 $17) 39. Re1 {[%emt 0:01:40] [#]} (39. g4 $1 $11) 39... Kg7 {[%emt 0:00:30]} (39... h4 $1 $17 40. Re2 Kg8) 40. g3 {[%emt 0:00:12]} Kh6 {[%emt 0:02:30]} 41. Kg2 {[%emt 0:01:02]} Bc8 {[%emt 0:01:30]} 42. Re2 {[%emt 0:00:58]} h4 {[%emt 0:05:30]} (42... g5 $15 43. Rf2 Kg7) 43. g4 {[%emt 0:01:03]} Kg5 {[%emt 0:03:30]} 44. Ne1 {[%emt 0:00:55]} Kh6 {[%emt 0:04:01]} 45. Kh2 {[%emt 0:00:51]} (45. f4 $14 exf4 46. gxf5) 45... e4 {[%emt 0:00:35] [#]} ({Black should try} 45... Bg5 $15) 46. fxe4 {[%emt 0:01:07]} (46. g5+ $1 $11 {[%mdl 512] remains equal.} Kxg5 (46... Bxg5 47. fxe4) 47. fxe4) 46... Be5+ {[%emt 0:00:02]} 47. Kg2 $2 {[%emt 0:00:32]} ({White should play} 47. Kh1 $1 $15 fxg4 48. Rf2) 47... fxg4 {[%emt 0:00:04]} 48. hxg4 {[%emt 0:00:16] [#]} Bxg4 $2 {[%emt 0:00:09]} ({Better is} 48... Rf8 $1 $19 49. Kg1 Bxg4) 49. Rd2 $2 {[%emt 0:00:55]} (49. Rf2 $15) 49... h3+ {[%emt 0:00:51]} 50. Kh1 {[%emt 0:00:25]} Bg3 {[%emt 0:00:09]} 51. Nc2 {[%emt 0:01:38]} Bf3+ $2 {[%emt 0:01:48]} (51... Rf8 $19 {is more deadly.} 52. Nxd4 Be5) 52. Kg1 {[%emt 0:00:07] [#]} Be5 $2 {[%emt 0:01:34]} (52... Rf8 $1 $19 {is more deadly.} 53. Nxd4 Bg4) 53. c5 $2 {[%emt 0:01:18]} (53. Rf2 $17 {was called for.} Rf8 54. Ne1 h2+ 55. Rxh2+ Bxh2+ 56. Kxh2) 53... Rc8 $2 {[%emt 0:02:34]} ({Black should try} 53... Bg4 $19 54. Bb5 Rc8) 54. c6 $2 {[%emt 0:01:28]} (54. Ne1 $1 $15 Bh5 55. c6) 54... g5 {[%emt 0:00:05]} 55. Ne1 {[%emt 0:00:06]} Bg4 $2 {[%emt 0:00:58]} (55... g4 $19 56. Nxf3 gxf3) 56. Rc2 $2 {[%emt 0:00:36] [#]} (56. Be2 $11 h2+ 57. Kh1) 56... Kg7 $1 {[%emt 0:00:52]} 57. Ba6 {[%emt 0:00:15]} Rc7 $2 {[%emt 0:00:39]} (57... Ra8 $19 58. Bf1 Rf8) 58. Rc5 $2 {[%emt 0:00:28]} (58. Nd3 $11 Bg3 59. Nf2) 58... d3 {[%emt 0:00:16]} 59. Nxd3 {[%emt 0:00:54]} h2+ {[%emt 0:00:45]} 60. Kf2 {[%emt 0:00:06]} Rf7+ {[%emt 0:00:00]} 61. Ke3 {[%emt 0:00:40]} h1=Q {[%emt 0:00:02]} 62. Nxe5 {[%emt 0:00:40]} Qg1+ {[%emt 0:00:30]} 63. Kd3 {[%emt 0:00:31]} Qxc5 {[%emt 0:00:00]} 64. Nxf7 {[%emt 0:00:25]} Qc3# {[%emt 0:00:12]} 0-1

[Event "8th Ali Ipek Tournament 2020"]
[Site "Ankara"]
[Date "2020.03.04"]
[Round "1.6"]
[White "Ibik, Halit Yavuz"]
[Black "Uzun, Efe"]
[Result "1-0"]
[WhiteElo "1991"]
[BlackElo "1322"]
[Annotator "TA"]
[PlyCount "54"]
[EventDate "2020.03.04"]
[EventType "swiss"]
[EventCountry "TUR"]
[SourceTitle "playchess.com"]
[Source "ChessBase"]
[SourceQuality "1"]

{[%evp 16,54,107,107,214,213,207,238,212,232,213,193,300,293,516,496,590,579,1010,997,996,975,938,881,874,862,859,858,1014,960,1098,1099,1069,1054,991,935,961,913,1966,1928,2067]} 1. e4 e5 2. Nf3 Nc6 3. Bb5 a6 4. Ba4 Bc5 5. O-O b5 6. Bb3 Nf6 7. c3 O-O 8. d4 exd4 9. cxd4 Bb6 {[#] C78: Ruy Lopez: Archangelsk and Möller Defences.} (9... Be7 $16) 10. e5 $1 $18 Ne8 11. Bg5 Ne7 {White is clearly better.} 12. Nc3 Bb7 13. Re1 h6 (13... Kh8 {was worth a try.} 14. Qd3 f6) 14. Bh4 g5 $2 {[#]} (14... Bxf3 15. Qxf3 (15. gxf3 g5 $14) 15... g5) 15. Nxg5 $1 {[%mdl 512] White is clearly winning.} hxg5 16. Bxg5 {Qg4 is the strong threat.} Ng7 17. Qg4 {[#]} d5 $146 {[#]} ({Predecessor:} 17... Qe8 18. Bf6 Ng6 19. Qxg6 {1-0 (19) Guisande,F (1898)-Anza,V (1486) Montevideo 2015}) 18. Bf6 $1 {[%csl Gf6][%cal Rg4g7][%mdl 576] Discovered Attack} Ng6 19. Bxd8 Raxd8 20. Rad1 Bc8 21. Qg5 Ne6 22. Qh6 c6 23. Ne2 Ng7 24. Bc2 Bf5 25. Bxf5 Nxf5 26. Qg5 Nfe7 27. Ng3 Kh7 {White took control after the opening. Accuracy: White = 100%, Black = 35%.} 1-0

[Event "8th Ali Ipek Tournament 2020"]
[Site "Ankara"]
[Date "2020.03.04"]
[Round "1.7"]
[White "Arici, Abdulvahap"]
[Black "Ozalp, Burak"]
[Result "0-1"]
[WhiteElo "1346"]
[BlackElo "1967"]
[Annotator "TA"]
[PlyCount "50"]
[EventDate "2020.03.04"]
[EventType "swiss"]
[EventCountry "TUR"]
[SourceTitle "playchess.com"]
[Source "ChessBase"]
[SourceQuality "1"]

{[%evp 9,50,-5,0,2,-7,-6,0,0,0,8,7,0,0,-18,-27,-26,-16,-18,-29,-35,-15,-45,-45,-186,-75,-141,-139,-124,-125,-174,-169,-240,-233,-235,-242,-208,-223,-352,-358,-729,-717,-702,-684]} 1. e4 c5 2. Nf3 d6 3. c3 Nf6 4. Qe2 Nc6 5. d4 {[#]} d5 $146 ({Predecessor:} 5... cxd4 6. cxd4 e6 7. Nc3 d5 8. e5 Nd7 9. Qd1 Be7 10. g3 O-O 11. Bb5 Nb6 {0-1 (56) Pietruszka,A-Hryn,A (1471) Iwonicz 2016}) 6. e5 {B50: Sicilian: 2...d6, Miscellaneous.} Ne4 7. Nbd2 Nxd2 8. Bxd2 {The position is equal.} Bg4 9. dxc5 e6 10. b4 Qc7 11. Bf4 a5 12. Rb1 axb4 13. cxb4 Be7 14. Qe3 Bxf3 15. Qxf3 O-O 16. Qg3 ({White should play} 16. a3 $15) 16... b6 (16... Rxa2 $19 {has better winning chances. Threatens to win with ...Nxb4!} 17. Bb5 Nd4) 17. Bh6 (17. Bb5 $142 Rfb8 18. O-O) 17... Qxe5+ $17 18. Qxe5 Nxe5 19. Be3 bxc5 ({Much less strong is} 19... Rxa2 20. cxb6 Rb8 21. Bc5 $17) 20. Bxc5 (20. bxc5 {was worth a try.} Rxa2 21. Bb5) 20... Bxc5 $19 21. bxc5 Rxa2 22. f4 Nc6 23. g3 (23. Bb5 {is a better defense.} Nd4 24. O-O) 23... Nd4 24. Bd3 $2 (24. Rb6) 24... Nf3+ {[%mdl 64] [#] Double Attack} 25. Kd1 Rd2+ {[%mdl 64] Double Attack. Accuracy: White = 35%, Black = 86%.} 0-1